Pověsti z Hebrid /

Hlavní autor: MacLeod, Fiona, 1855-1905
Další autoři: Skalický, Jaroslav, 1867-1947
Jazyk: Čeština
Vydáno: Brno : Vetus Via, 1997
Vydání: Vyd. 2.
Edice: Edice dobré četby
Témata:
Externí odkaz: Digitalizovaný dokument
Fyzický popis: 80 s. : portrét ; 18 cm
Knihy
Uloženo v:
LEADER 01406nam a2200385 a 4500
001 000209827
003 CZ BrMZK
005 20200902085442.0
007 ta
008 010907s1997 xr f cze d
015 |a cnb000210289 
020 |a 80-902024-4-6 
040 |a BOA001  |b cze 
041 1 |a cze  |h eng 
080 |a 398.22(411.7)  |2 MRF 
080 |a 820-343=850  |2 MRF 
100 1 |a MacLeod, Fiona,  |d 1855-1905  |7 jo2004232843  |4 aut 
245 1 0 |a Pověsti z Hebrid /  |c Fiona Macleod ; [přeložil Jaroslav Skalický] 
250 |a Vyd. 2. 
260 |a Brno :  |b Vetus Via,  |c 1997 
300 |a 80 s. :  |b portrét ;  |c 18 cm 
490 1 |a Edice dobré četby ;  |v sv. 2 
500 |a Dostupné též v digitální podobě v aplikaci Kramerius 
653 0 |a Hebridy 
655 4 |a skotské legendy 
655 4 |a hebridské legendy 
655 4 |a hebridské mýty 
700 1 |a Skalický, Jaroslav,  |d 1867-1947  |7 jk01111457  |4 trl 
830 0 |a Edice dobré četby  |0 s 
856 4 1 |u http://www.digitalniknihovna.cz/mzk/uuid/uuid:0f70eae0-ed26-11ea-804d-005056827e51  |y Digitalizovaný dokument  |x NDK 
910 |a BOA001  |b 1-1035.591  |b PK-A-0021.288 
920 |a 000197268 
990 |a BK 
996 6 |b 2610056244  |c 1-1035.591  |l MZK  |r Sklad / do 1 hodiny  |n 9  |p p.v.  |w 000209827  |u 000010  |a 1  |e BOA001  |j MZK50  |s P 
996 7 |b 3119008431  |c PK-A-0021.288  |l MZK  |r Sklad / do 1 hodiny  |n 11  |p kup  |w 000209827  |u 000020  |a 1  |e BOA001  |j MZK50  |s A